|
|
|
|
| LEADER |
00000nam0a2200000 4500 |
| 001 |
132226 |
| 005 |
20231031134753.0 |
| 010 |
|
|
|a 5235014030
|
| 020 |
|
|
|a RU
|b 91-19463
|
| 035 |
|
|
|a (RuTPU)RU\TPU\book\143173
|
| 090 |
|
|
|a 132226
|
| 100 |
|
|
|a 20080228d1991 m y0rusy5003 ca
|
| 101 |
0 |
|
|a rus
|
| 102 |
|
|
|a RU
|
| 105 |
|
|
|a a z 000ay
|
| 200 |
1 |
|
|a Диалектика природы
|e Роман, повесть, рассказы
|f В. Е. Афонин
|g худож. Г. В. Животов
|
| 210 |
|
|
|a Москва
|c Молодая гвардия
|d 1991
|
| 215 |
|
|
|a 477,[2] с.
|c ил.
|d 22 см
|
| 333 |
|
|
|a Исключено из фонда НТБ ТПУ
|
| 700 |
|
1 |
|a Афонин
|b В. Е.
|c русский писатель
|f 1939-
|g Василий Егорович
|
| 702 |
|
1 |
|a Животов
|b Г. В.
|4 440
|
| 801 |
|
0 |
|a RU
|b RuMRKP
|c 19950417
|g psbo
|
| 801 |
|
1 |
|a RU
|b 63413507
|c 20080228
|g PSBO
|
| 801 |
|
2 |
|a RU
|b 63413507
|c 20210131
|g PSBO
|
| 942 |
|
|
|c BK
|